Septicémies : streptococcie, staphylococcie, gonococcie, méningococcie, pneumococcie, colibacillose, pneumobacilloses.../ par F. Widal [et al.]. (Record no. 174178)
[ view plain ]
| 000 -LEADER | |
|---|---|
| campo de control de longitud fija | 01035nam a2200253 i 4500 |
| 001 - NÚMERO DE CONTROL | |
| campo de control | 174178 |
| 003 - IDENTIFICADOR DE NÚMERO DE CONTROL | |
| campo de control | ES-MaACL |
| 005 - FECHA Y HORA DE LA ÚLTIMA TRANSACCIÓN | |
| campo de control | 20251013205443.0 |
| 008 - DATOS DE LONGITUD FIJA--INFORMACIÓN GENERAL | |
| campo de control de longitud fija | 100301s1922 fr |||| | fre d |
| 080 ## - NÚMERO DE LA CLASIFICACIÓN DECIMAL UNIVERSAL | |
| Número de la Clasificación Decimal Universal | 616.9-036.22 |
| 245 00 - MENCIÓN DEL TÍTULO | |
| Título | Septicémies : streptococcie, staphylococcie, gonococcie, méningococcie, pneumococcie, colibacillose, pneumobacilloses.../ par F. Widal [et al.]. |
| 250 ## - MENCION DE EDICION | |
| Mención de edición | Sixième tirage entièrement refondu et augmenté de nouveaux articles. |
| 260 ## - PUBLICACIÓN, DISTRIBUCIÓN, ETC. | |
| Lugar de publicación, distribución, etc. | Paris : |
| Nombre del editor, distribuidor, etc. | J.-B. Baillière et fils, |
| Fecha de publicación, distribución, etc. | 1922. |
| 300 ## - DESCRIPCIÓN FÍSICA | |
| Extensión | 549 p. : |
| Otras características físicas | il. ; |
| Dimensiones | 24 cm. |
| 490 1# - MENCIÓN DE SERIE | |
| Mención de serie | Nouveau traité de médecine et de thérapeutique ; |
| Designación de volumen o secuencia | 10 |
| 650 07 - PUNTO DE ACCESO ADICIONAL DE MATERIA--TÉRMINO DE MATERIA | |
| Término de materia o nombre geográfico como elemento de entrada | Enfermedades infecciosas |
| Fuente del encabezamiento o término | embne |
| 9 (RLIN) | 135986 |
| 700 1# - ENTRADA AGREGADA--NOMBRE PERSONAL | |
| Nombre de persona | Brouardel, Paul ( |
| Fechas asociadas al nombre | 1837-1906) |
| 9 (RLIN) | 126192 |
| 700 1# - ENTRADA AGREGADA--NOMBRE PERSONAL | |
| Nombre de persona | Carnot, Paul ( |
| Fechas asociadas al nombre | 1869-1957) |
| 9 (RLIN) | 165455 |
| 700 0# - ENTRADA AGREGADA--NOMBRE PERSONAL | |
| Nombre de persona | Widal, Fernad. |
| 9 (RLIN) | 116744 |
| 700 1# - ENTRADA AGREGADA--NOMBRE PERSONAL | |
| Nombre de persona | Thoinot, Léon-Henri |
| 9 (RLIN) | 142272 |
| 830 0# - PUNTO DE ACCESO ADICIONAL DE SERIE-TÍTULO UNIFORME | |
| Título uniforme | Nouveau traité de médecine et de thérapeutique ; |
| Designación de volumen o secuencia | 10 |
| 9 (RLIN) | 189322 |
| 852 ## - LOCALIZACIÓN | |
| Ubicación | ES-MaACL |
| Número de control de estantería | B-13567 |
| Estatus retirado | Estado de pérdida | Estado de daño | No para préstamo | Biblioteca de origen | Biblioteca actual | Ubicación en estantería | Fecha de adquisición | Fuente de adquisición | Total de préstamos | Signatura topográfica completa | Código de barras | Visto por última vez | Precio de reemplazo | Tipo de ítem Koha |
|---|---|---|---|---|---|---|---|---|---|---|---|---|---|---|
| Biblioteca del Ateneo de Madrid | Biblioteca del Ateneo de Madrid | Sala Pardo Bazán | 01/03/2010 | B-13567 | 1182829 | 23/02/2023 | 23/02/2023 | Libro impreso |
